000
00241nam a22000977a 4500
003
OSt
008
150321b xxu||||| |||| 00| 0 eng d
041
_a
eng
245
1
0
_a
The United States Commemorative Stamps of the 20th Century
300
_a
0 pages
999
_c
1068
_d
1068